|
|
|
|
| LEADER |
01655cas a2200241 a 4500 |
| 001 |
AALejournalIMF020195 |
| 008 |
230101c9999 xx r poo 0 0eng d |
| 020 |
|
|
|c 5.00 USD
|
| 020 |
|
|
|z 9781498339223
|
| 022 |
|
|
|a 2663-3493
|
| 040 |
|
|
|a BD-DhAAL
|c BD-DhAAL
|
| 110 |
2 |
|
|a International Monetary Fund.
|
| 245 |
1 |
0 |
|a Kyrgyz Republic :
|b Ex Post Assessment of Longer-Term Program Engagement.
|
| 264 |
|
1 |
|a Washington, D.C. :
|b International Monetary Fund,
|c 2011.
|
| 300 |
|
|
|a 1 online resource (22 pages)
|
| 490 |
1 |
|
|a Policy Papers
|
| 500 |
|
|
|a <strong>Off-Campus Access:</strong> No User ID or Password Required
|
| 500 |
|
|
|a <strong>On-Campus Access:</strong> No User ID or Password Required
|
| 506 |
|
|
|a Electronic access restricted to authorized BRAC University faculty, staff and students
|
| 520 |
3 |
|
|a This report reviews the Kyrgyz Republic's economic performance under Fund-supported programs from early 2005 to mid-2010. Two Fund-supported programs are assessed: the March 2005 Poverty Reduction and Growth Facility (PRGF, which expired in May 2008), and the December 2008 Exogenous Shock Facility (ESF, which expired in June 2010). Earlier Fund-supported programs were discussed in the Kyrgyz Republic's first Ex Post Assessment (EPA), which was completed in November 2004. The assessment does not cover performance under the Rapid Credit Facility (RCF), which was approved by the Executive Board on September 15, 2010.
|
| 538 |
|
|
|a Mode of access: Internet
|
| 830 |
|
0 |
|a Policy Papers; Policy Paper ;
|v No. 2011/071
|
| 856 |
4 |
0 |
|z Full text available on IMF
|u http://elibrary.imf.org/view/journals/007/2011/071/007.2011.issue-071-en.xml
|z IMF e-Library
|